Responses for Show #5801 - Monday, November 30, 2009

Contestants

[<< previous game]

Kimberly Jantz, an attorney from Tulsa, Oklahoma

Leigh-Anne Marcellin, a part-time English professor from Ashburn, Virginia

Jody Allen, a bookstore manager and actor from New York, New York (whose 2-day cash winnings total $41,500)

[next game >>]

Jeopardy! Round responses

THE ACE OF HEARTS
I'M SPORTING SOME 7s
QUEENS UP
A FULL HOUSE
I HAVE 5 KINGS
WHAT A "CARD"!
    $200 16
Robin Hood

Jody
    $200 21
Harry Potter

Jody
    $200 27
Queen Elizabeth I

Leigh-Anne
    $200 11
window treatments

Leigh-Anne
    $200 6
the Nile

Kimberly
    $200 1
discard

Jody
    $400 17
Love Story

Jody
    $400 22
(David) Beckham

Jody
    $400 28
[The end-of-round signal sounds.]

Denmark

Leigh-Anne
    $400 12
a coffeemaker

Jody
    $400 7
Stephen King

Kimberly
    $400 2
a wild card

Jody
    $2,400 18
(Jody: What is Romeo and Juliet?)

Anthony and Cleopatra

Jody
    $600 23
(Alex: Yes, with less than a minute to go.)

Mickey Mantle

Jody
    $600 13
the spin cycle

Kimberly
    $600 8
B.B. King

Kimberly
    $600 3
a placecard

Leigh-Anne
    $800 19
the lover

Jody
    $800 24
(Leigh-Anne: Who is Dan Elway?)

John Elway

Leigh-AnneKimberly
    $800 14
alternating current

Jody
    $800 9
Martin Luther King

Leigh-Anne
    $800 4
a placard

Leigh-Anne
    $1000 20
A Farewell to Arms

Triple Stumper
    $1000 25
("Pistol" Pete) Maravich

Jody
    $1000 26
Queen Wilhelmina

Triple Stumper
    $1000 15
(Thomas) Kinkade

Jody
    $1000 10
Canada

Triple Stumper
    $1000 5
(Jody: What is cardio?)

cardiopulmonary

JodyLeigh-Anne

Scores at the first commercial break (after clue 15):

Jody Leigh-Anne Kimberly
$1,800 $3,400 $1,800

Scores at the end of the Jeopardy! Round:

Jody Leigh-Anne Kimberly
$3,000 $3,200 $2,600

Double Jeopardy! Round responses

ARCHITECTURE
FILM SCHOOL
JORDAN WITH QUEEN RANIA
IT'S OFFICIAL
DEEPWATER PORTS BY COUNTRY
IT BEGINS WITH "X"
    $400 1
Corinthian

Leigh-Anne
    $400 2
Fast Times at Ridgemont High

Kimberly
    $400 7
King Hussein of Jordan

Triple Stumper
    $400 14
the Hard Rock Cafe

Jody
    $400 26
Australia

Leigh-Anne
    $400 19
[Alex reads the clue without the double talk.]

Xerox

Jody
    $800 3
the Moorish style

Jody
    $800 9
Rebel Without a Cause

Kimberly
    $800 8
English or Arabic

Leigh-Anne
    $800 15
Infiniti

Jody
    $800 27
Mexico

Jody
    $800 20
a xylophone

Kimberly
    $1,000 4
the apse

Jody
    $1200 10
Carrie

Kimberly
    $1200 13
Lawrence of Arabia

Kimberly
    $3,000 16
Minute Maid

Jody
    $1200 21
(Jody: What is Chi?)

Xi

JodyLeigh-Anne
    $1600 5
cupola

Triple Stumper
    $1600 11
Dead Poets Society

Kimberly
    $1600 24
Saladin

Kimberly
    $1600 17
Pepsi

Leigh-Anne
    $1600 29
(Leigh-Anne: What is Ireland?)
(Jody: What is Scotland?)
[The end-of-round signal sounds.]

the United Kingdom

JodyLeigh-Anne
Triple Stumper
    $1600 22
a xenophile

Jody
    $2000 6
a parapet

Triple Stumper
    $2000 12
Boyz n the Hood

Jody
    $2000 25
(Alex: And we want to thank Queen Rania and her staff in Amman for making our visit to Jordan such a pleasant one.)

Ramadan

Kimberly
    $2000 18
Tsingtao

Triple Stumper
    $2000 28
India

Triple Stumper
    $2000 23
Xenon

Kimberly

Scores at the end of the Double Jeopardy! Round:

Jody Leigh-Anne Kimberly
$11,000 $6,000 $14,200

[wagering suggestions for these scores]

Final Jeopardy! Round responses

POLITICAL NONFICTION
Leigh-AnneWhat is All the Presidents Men?
$5,999
JodyWhat is All the President's Men?
$10,999
KimberlyWhat is All the [King's scribbled out] President's men?
$8,000
All the President's Men

Final scores:

Jody Leigh-Anne Kimberly
$21,999 $11,999 $22,200
2nd place: $2,000 3rd place: $1,000 New champion: $22,200

Game dynamics:

Coryat scores:

Jody Leigh-Anne Kimberly
$11,800 $6,000 $14,200
21 R
(including 2 DDs),
4 W
(including 1 DD)
12 R,
2 W
14 R,
0 W

Combined Coryat: $32,000

[game clues] [game scores] [suggest correction]

Game tape date: 2009-10-13
The J! Archive is created by fans, for fans. Scraping, republication, monetization, and malicious use prohibited; this site may use cookies and collect identifying information. See terms. The Jeopardy! game show and all elements thereof, including but not limited to copyright and trademark thereto, are the property of Jeopardy Productions, Inc. and are protected under law. This website is not affiliated with, sponsored by, or operated by Jeopardy Productions, Inc. Join the discussion at JBoard.tv.